|
|
|
|
| LEADER |
00000nam a2200000 a 4500 |
| 001 |
vtls001253409 |
| 003 |
SK-MaSNL |
| 005 |
20260413122130.0 |
| 008 |
250414s1992 xo 0 slo |
| 035 |
|
|
|a SNK000204228
|
| 040 |
|
|
|a SNK
|b slo
|c SNK
|e AACR2
|
| 041 |
0 |
|
|a slo
|
| 044 |
|
|
|a xo
|c SK
|
| 080 |
|
|
|a 785.7.082:786.2
|2 1981
|
| 080 |
|
|
|a 786.2
|2 1981
|
| 080 |
|
|
|a 785.7.083.5
|2 1981
|
| 080 |
|
|
|a 785.7.085.2
|2 1981
|
| 100 |
1 |
|
|a Liszt, Franz,
|d 1811-1886
|4 aut
|9 116780
|
| 245 |
1 |
0 |
|a Sonata for piano in B minor. Rhapsodie espagnole. Valse oubliée No. 1 in F sharp major. Zwei Konzertetüden. Etude de concert No. 2 La Leggierezza. Sonetto 123 del Petrarca in A flat major
|h Audiozáznam
|c Franz Liszt ; Na klavíri hrá Igor Ardašev
|
| 260 |
|
|
|a Praha
|b Supraphon
|c 1992
|
| 300 |
|
|
|a 1 s.
|
| 700 |
1 |
|
|a Ardašev, Igor
|4 uci
|9 454075
|
| 852 |
|
|
|a Slovenská národná knižnica
|
| 954 |
|
|
|a hudba komorná
|a hudba pre klavír
|a sonáty
|a rapsódie
|a etudy
|a sonety
|a valčíky
|
| 999 |
|
|
|c 798151
|d 800081
|
| 952 |
|
|
|t P65, <07>, [BOOK], {657}
|a SNK
|b SNK
|y PREZ
|7 0
|p 17A0201568
|o snkICD 449
|i snkJK 541/92
|0 0
|1 0
|4 0
|d 2000-07-27
|l 0
|r 2005-01-01 00:00:00
|w 2026-02-24
|